02818cam a22003738i 45000010009000000050017000090080041000260100017000670200018000840200018001020200018001200400023001380420008001610500022001690820029001910840023002201000031002432450109002742600053003833000045004365040051004815201333005326500029018656500027018946500027019216500027019486500058019757000032020337760151020659060045022169420034022619990017022959520132023122241171720230530155418.0220204s2022 nyu b 001 0 eng  a 2021060130 a9781108489232 a9781108702164 z9781108774277 aDLCbengerdacDLC apcc00aHD 56 .A4548 202200a338.4/5223/eng/20220204 aBUS0820002bisacsh1 aAltomonte, Carlo,eauthor.14aThe economics of firm productivity :bconcepts, tools and evidence /cCarlo Altomonte, Filippo di Mauro. aNew York, NY:bCambridge University Pressc2022. axviii, 224 pages : billustrations, maps aIncludes bibliographical references and index. a"Productivity is an essential concept in almost every field related to Economics and Management. As Paul Krugman wrote in \The Age of Diminishing Expectations (1994)" \Productivity isn't everything, but in the long run it is almost everything. A country's ability to improve its standard of living over time depends almost entirely on its ability to raise its output per worker." As we slowly exit { at the time of this writing { the nightmare of the 2020 COVID- 19 pandemic, enhancing productivity is even more critical. The crisis has battered global economic activity in an unprecedented way. Entire sectors have been forced to cease trading, and unemployment has risen to record levels. Governments, central banks and international organisations have responded promptly and massively to the shock, sheltering firrms and employees from its impact. This will, however, inevitably further slow aggregate productivity, at least in the short run. Thus, the debate on how to raise productivity is again in the headlines, and that is the subject of this book. We believe that any useful insight must be based on detailed granular information compiled at the level of the firm. To that end we will draw from research and the dataset produced by CompNet1, a large European research initiative that the authors founded a decade ago"-- 0aIndustrial productivity. 0aIndustrial management. 0aOrganizational change. 0aInternational finance. 7aBUSINESS & ECONOMICS / Industrial Management2bisacsh1 aDi Mauro, Filippo,eauthor.08iOnline version:aAltomonte, Carlo.tEconomics of firm productivitydNew York : Cambridge University Press, [2022]z9781108774277w(DLC) 2021060131 a7bcbccorignewd1eecipf20gy-gencatlg 2lcccBOOKShHD 56 .A4548 2022 c31595d31595 00102lcc4070aMUCbMUCcGENd2023-05-10ePurchase - Falcon Booksl0oHD 56 .A4548 2022p39376r2023-05-30w2023-05-30yBOOKS